Подробности
| 000 -МАРКЕР |
| контрольное поле |
02487ncm0a22004211 4500 |
| 001 - ИДЕНТИФИКАТОР ЗАПИСИ |
| контрольное поле |
RU\NLR\ONIZ\195762 |
| 005 - ИДЕНТИФИКАТОР ВЕРСИИ |
| контрольное поле |
20250614044319.0 |
| 035 ## - ДРУГИЕ СИСТЕМНЫЕ НОМЕРА |
| Идентификатор записи |
RU\NLR\ONIZ\lanatalya\5000001085\20130123195762 |
| 035 ## - ДРУГИЕ СИСТЕМНЫЕ НОМЕРА |
| Идентификатор записи |
(NLR Aleph) 010403668 |
| 100 ## - ДАННЫЕ ОБЩЕЙ ОБРАБОТКИ |
| Данные общей обработки |
20130123d1948 |||y0rusy50 ca |
| 101 0# - ЯЗЫК РЕСУРСА |
| Язык текста, звукозаписи и т.д. |
русский |
| 102 ## - СТРАНА ПУБЛИКАЦИИ ИЛИ ПРОИЗВОДСТВА |
| Страна публикации |
Российская Федерация |
| 125 ## - ПОЛЕ КОДИРОВАННЫХ ДАННЫХ: ЗВУКОЗАПИСИ И НОТНЫЕ ИЗДАНИЯ |
| Форма изложения нотного текста |
zx |
| 128 ## - ПОЛЕ КОДИРОВАННЫХ ДАННЫХ: МУЗЫКАЛЬНАЯ ФОРМА, ТОНАЛЬНОСТЬ И ЛАД |
| Музыкальная форма |
wz |
| -- |
rmc |
| 145 0# - ПОЛЕ КОДИРОВАННЫХ ДАННЫХ: СРЕДСТВО ИСПОЛНЕНИЯ МУЗЫКАЛЬНОГО ПРОИЗВЕДЕНИЯ (УСТАРЕВШЕЕ) |
| Тип средства исполнения |
b |
| 200 1# - ЗАГЛАВИЕ И СВЕДЕНИЯ ОБ ОТВЕТСТВЕННОСТИ |
| Основное заглавие |
Две пьесы |
| Общее обозначение материала |
Ноты |
| Сведения, относящиеся к заглавию |
для фп. в 6 рук |
| Первые сведения об ответственности |
С. Рахманинов |
| Последующие сведения об ответственности |
под ред. Н. Загорного |
| 210 ## - ПУБЛИКАЦИЯ, РАСПРОСТРАНЕНИЕ И ДР. |
| Место издания, распространения и т.д. |
Ленинград |
| -- |
Москва |
| Имя издателя, распространителя и т. д. |
Государственное музыкальное издательство |
| Дата издания, распространения и т.д. |
1948 |
| 215 ## - ФИЗИЧЕСКАЯ ХАРАКТЕРИСТИКА |
| Специфическое обозначение материала и объем |
27 с. |
| Размеры |
34 см |
| 313 ## - ПРИМЕЧАНИЯ, ОТНОСЯЩИЕСЯ К ТЕМАТИЧЕСКОМУ ДОСТУПУ |
| Текст примечания |
Систематизация документа проведена по изданию - Методика классифицирования музыкальных произведений (нотных изданий) по таблицам Библиотечно-библиографических классификаций : метод. рекомендации / Гос. б-ка СССР им. В.И. Ленина.- М., 1977. Индексу ББК методических рекомендаций присваивается код ББК для научных библиотек - LBC/SL |
| 327 1# - ПРИМЕЧАНИЯ О СОДЕРЖАНИИ |
| Текст примечания |
1. Вальс; |
| -- |
2. Романс |
| 464 #0 - АНАЛИТИЧЕСКИЙ УРОВЕНЬ |
| Встроенное поле |
2001#$aВальс |
| -- |
215##$aС.4-13 |
| -- |
6061#$aВальсы для фп.$xНоты$yРоссия$z19-20 вв.$2nlr_sh |
| -- |
608##$aВальс$xНоты$yРоссия$z19-20 вв.$2nlr_sh |
| -- |
686##$aЩ952.425.3-058.55(2Р=Р)$vLBC/SL$2rubbk |
| Заглавие |
Вальс |
| 464 #0 - АНАЛИТИЧЕСКИЙ УРОВЕНЬ |
| Встроенное поле |
2001#$aРоманс |
| -- |
215##$aС.14-27 |
| -- |
6061#$aРоманс инструментальный$xНоты$yРоссия$z19-20 вв.$2nlr_sh |
| -- |
686##$aЩ952.425.3-058.3(2Р=Р)$vLBC/SL$2rubbk |
| Заглавие |
Романс |
| 686 ## - ИНДЕКСЫ ДРУГИХ КЛАССИФИКАЦИЙ |
| Индекс |
Щ952.425.3-058(2Р=Р)я44 |
| Издание |
LBC/SL |
| Код системы |
|
| 700 #1 - ИМЯ ЛИЦА - ПЕРВИЧНАЯ ОТВЕТСТВЕННОСТЬ |
| Системный номер авторитетной/нормативной записи |
z04790 |
| Начальный элемент ввода |
Рахманинов |
| Часть имени, кроме начального элемента ввода |
С.В. |
| Даты |
1873-1943 |
| Расширение инициалов личного имени |
Сергей Васильевич |
| Код отношения |
Композитор |
| 702 #1 - ИМЯ ЛИЦА - ВТОРИЧНАЯ ОТВЕТСТВЕННОСТЬ |
| Системный номер авторитетной/нормативной записи |
z06790 |
| Начальный элемент ввода |
Загорный |
| Часть имени, кроме начального элемента ввода |
Н. |
| Расширение инициалов личного имени |
Н |
| Код отношения |
Редактор |
| 790 #1 - ИМЯ ЛИЦА - АЛЬТЕРНАТИВНАЯ ФОРМА |
| Системный номер авторитетной/нормативной записи |
z04700 |
| Начальный элемент ввода |
Rachmaninoff |
| Часть имени, кроме начального элемента ввода |
S. V. |
| Даты |
1873-1943 |
| Расширение инициалов личного имени |
Sergei Vasilyevich |
| Код отношения |
Композитор |
| 790 #1 - ИМЯ ЛИЦА - АЛЬТЕРНАТИВНАЯ ФОРМА |
| Системный номер авторитетной/нормативной записи |
z06702 |
| Начальный элемент ввода |
Zagorniy |
| Часть имени, кроме начального элемента ввода |
N. |
| Расширение инициалов личного имени |
N |
| Код отношения |
Редактор |
| 801 #0 - ИСТОЧНИК ЗАПИСИ |
| Страна |
Российская Федерация |
| Организация |
NLR |
| Дата составления |
20130123 |
| Правила каталогизации |
PSBO |
| 801 #1 - ИСТОЧНИК ЗАПИСИ |
| Страна |
Российская Федерация |
| Организация |
NLR |
| Дата составления |
20130123 |
| Источник данных |
rusmarc |
| 801 #2 - ИСТОЧНИК ЗАПИСИ |
| Страна |
Российская Федерация |
| Организация |
NLR |
| Дата составления |
20151105 |
| 852 ## - МЕСТОНАХОЖДЕНИЕ И ШИФР ХРАНЕНИЯ |
| Идентификатор организации |
NLR |
| Наименование фонда или коллекции (Sub-Location Identifier) |
М |
| Шифр хранения (Call Number) |
986/283 |
| Страна |
|
| Номер экземпляра |
1 |
| 852 ## - МЕСТОНАХОЖДЕНИЕ И ШИФР ХРАНЕНИЯ |
| Идентификатор организации |
NLR |
| Наименование фонда или коллекции (Sub-Location Identifier) |
М |
| Шифр хранения (Call Number) |
986/283а |
| Страна |
|
| Номер экземпляра |
2 |
| 852 ## - МЕСТОНАХОЖДЕНИЕ И ШИФР ХРАНЕНИЯ |
| Идентификатор организации |
NLR |
| Наименование фонда или коллекции (Sub-Location Identifier) |
М |
| Шифр хранения (Call Number) |
986/283б |
| Страна |
|
| Номер экземпляра |
3 |
| 942 ## - ДОПОЛНИТЕЛЬНЫЕ ЭЛЕМЕНТЫ ЗАПИСИ (АБИС) |
| Тип экземпляра АБИС |
Ноты |
| 980 ## - КОЛЛЕКЦИЯ |
| Название коллекции |
Национальная библиография |
| 980 ## - КОЛЛЕКЦИЯ |
| Название коллекции |
Отдел нот и звукозаписей |